Megacities of the World in 2075 - Statistics

General Stats
  • This quiz has been taken 463 times
  • The average score is 60 of 70
Answers on the Map
Answers color-coded by a green-red scale on the quiz's map according to % correct below.
 
Answer Stats
Answer % Correct
Mexico City
99%
New York City
99%
Cairo
98%
Delhi
98%
Lima
98%
London
98%
Los Angeles
98%
Paris
98%
Rio de Janeiro
98%
Buenos Aires
97%
Mumbai
97%
Tokyo
97%
Bogota
96%
Istanbul
96%
Lagos
96%
Manila
96%
Sao Paulo
96%
Alexandria
95%
Beijing
95%
Jakarta
95%
Shanghai
95%
Bangkok
94%
Chicago
94%
Dhaka
94%
Kinshasa
94%
Tehran
94%
Baghdad
93%
Hanoi
93%
Ho Chi Minh City
93%
Nairobi
93%
Kabul
92%
Addis Ababa
91%
Karachi
91%
Kolkata
91%
Dar es Salaam
90%
Khartoum
90%
Dakar
89%
Guangzhou
89%
Lahore
87%
Luanda
87%
Sana'a
87%
Bangalore
86%
Hong Kong
86%
Mogadishu
86%
Chennai
85%
Abuja
84%
Hyderabad
84%
Wuhan
82%
Antananarivo
81%
Kampala
80%
Bamako
78%
Lusaka
78%
Niamey
78%
Shenzhen
78%
Yangon
78%
Abidjan
77%
Ouagadougou
77%
Kano
76%
Maputo
76%
Ahmedabad
75%
Tianjin
75%
N'Djamena
74%
Conakry
72%
Pune
71%
Lilongwe
69%
Chittagong
68%
Ibadan
56%
Surat
56%
Blantyre City
36%
Kanpur
34%
No matching quizzes found
Score Distribution
Percent of People with Each Score
Percentile by Number Answered
Your Score History
You have not taken this quiz